|
|
|
|
| LEADER |
00000nbm0a2200000 4500 |
| 001 |
321777 |
| 005 |
20231102003417.0 |
| 035 |
|
|
|a (RuTPU)RU\TPU\book\347333
|
| 090 |
|
|
|a 321777
|
| 100 |
|
|
|a 20160906d1954 k y0rusy50 ca
|
| 101 |
0 |
|
|a rus
|
| 102 |
|
|
|a RU
|
| 105 |
|
|
|a a m 001zy
|
| 200 |
1 |
|
|a Исследования основных вопросов комплексной механизации очистных работ при системе разработки горизонтальными слоями
|e диссертация на соискание ученой степени кандидата технических наук
|f Б. Г. Одуло
|g Томский политехнический институт (ТПИ)
|
| 210 |
|
|
|a Прокопьевск
|c [Б. и.]
|d 1954-1955
|
| 215 |
|
|
|a 201 л.
|c ил.
|
| 320 |
|
|
|a Библиогр.: с. 108-113 (50 назв.)
|
| 606 |
1 |
|
|a Очистные работы
|x Механизация
|2 stltpush
|3 (RuTPU)RU\TPU\subj\47909
|9 66807
|
| 610 |
1 |
|
|a забойные процессы
|
| 610 |
1 |
|
|a горизонтальные слои
|
| 610 |
1 |
|
|a Кузбасс
|
| 610 |
1 |
|
|a уголь
|
| 610 |
1 |
|
|a разрушение
|
| 610 |
1 |
|
|a способы
|
| 610 |
1 |
|
|a передвижные механизированные крепи
|
| 610 |
1 |
|
|a организация работы
|
| 610 |
1 |
|
|a крепь
|
| 610 |
1 |
|
|a диссертации
|
| 675 |
|
|
|a 622.232(04)
|v 4
|
| 700 |
|
1 |
|a Одуло
|b Б. Г.
|
| 712 |
0 |
2 |
|a Томский политехнический институт (ТПИ)
|c (1944-1991)
|2 stltpush
|3 (RuTPU)RU\TPU\col\1123
|
| 801 |
|
1 |
|a RU
|b 63413507
|c 20160906
|
| 801 |
|
2 |
|a RU
|b 63413507
|c 20181031
|g RCR
|
| 942 |
|
|
|c BK
|